Les Gardiens et Pléiades du Grand Tombeau de Nazarick dans Overlord - Statistiques

Statistiques générales
  • Ce quiz a été pris 13 fois
  • Le résultat moyen est 11 sur 16
Statistiques - réponses
Rôle Gardiens du Grand Tombeau de Nazarick % Correct
Régente des Gardiens Albedo
100%
Gardien du niveau 6 Aura Bella Fiora
100%
Chef des Pléiades Sebas Tian
100%
Gardien du niveau 5 Cocytus
91%
Gardien du niveau 7Responsable des défenses Demiurge
91%
Gardienne des niveaux 1 à 3 Shalltear Bloodfallen
91%
Pléiade Lupusregina Bêta
82%
Pléiade Narberal Gamma
82%
Pléiade Yuri Alpha
82%
Gardienne du niveau 6 Mare Bello Fiore
73%
Gardien du niveau 8 Victim
64%
Pléiade Entoma Vasilissa Zeta
45%
Gardien du niveau 4 Gargantua
36%
Pléiade Solution Epsilon
36%
Pléiade Auréole Oméga
27%
Pléiade CZ2128 Delta
27%
Aucun quiz correspondant
Distribution des résultats
% des personnes avec chaque résultat
Percentile par nombre de réponses
Votre historique - résultats
Vous n’avez pas pris ce quiz